000 00456nam a2200181Ia 4500
001 9009
005 20260306160652.0
008 260306t2016||||xx |||||||||||||| ||spa||
041 _aESP
082 _a372.21
_bS66
100 _aSolís Zañartu, María Cristina
_eAUT
245 0 _aEnseñar a leer y escribir en educación inicial
260 _c2016
300 _a215 páginas :
_c24 cm.
650 _aGEN
654 _aCED
942 _cLIB
_dJUS
_fJUS
_2ddc
_n
999 _c9009
_d9009